Score 0/30 Timer 04:00
0 Plays Today
% Correct
Dumb
98.5%
Virgin
97.8%
Grinch
97.8%
Future
97.3%
Cat
96.7%
Pride
96.6%
Ventura
95.9%
Little
95.7%
Powers
94.4%
Bruce
93.6%
Express
88.5%
Make
87.3%
Job
86.9%
Green
86%
People
84.9%
% Correct
Hunger
84.1%
Ides
83.6%
Irene
83.5%
Gold
81.5%
Wayne's
78.4%
Basterds
78%
Stupid
74.8%
Teen
71%
Love
70.9%
Secret
63.2%
Funny
48.3%
Girl
46.2%
American
41.7%
Blue
37.1%
Nelson
17.2%

Today's Daily Dose

Remove Ads.
Support Sporcle.
Get the best of Sporcle when you Go Orange. This ad-free experience offers more features, more stats, and more fun while also helping to support Sporcle. Thank you for becoming a member.

You're not logged in!

Compare scores with friends on all Sporcle quizzes.
OR
Log In

Show Comments

Extras

Top Quizzes Today


Score Distribution

Your Account Isn't Verified!

In order to create a playlist on Sporcle, you need to verify the email address you used during registration. Go to your Sporcle Settings to finish the process.

Report this User

Report this user for behavior that violates our Community Guidelines.

Details: